| 000 | 00628nam a2200181 i 4500 | ||
|---|---|---|---|
| 001 | 149732 | ||
| 003 | ES-MaACL | ||
| 005 | 20230906203231.0 | ||
| 007 | t| | ||
| 008 | 071024s1919 fr ||||1| fre d | ||
| 100 | 1 |
_aVaucher, Robert. _9113308 |
|
| 245 | 1 | 2 |
_aL'infer bolchevik _b: a Petrograd sous la commune et la terreur rouge / _cRobert Vaucher. |
| 260 |
_aParis : _bLibrairie Académique Perrin et Cie, _c1919 ( _eEvreux : _fCh, Hérissey) |
||
| 300 |
_aIV, 434 p. ; _c19 cm. |
||
| 651 | 4 |
_aSan Petersburgo- _xHistoria. _9161554 |
|
| 651 | 4 |
_aRusia- _xHistoria- _y1917-1921, Revolución. _99336 |
|
| 852 |
_aES-MaACL _jF-10797 |
||
| 999 |
_c149732 _d149732 |
||